Представление документа в формате RUSMARC

ПолеНазваниеЗначение
  Тип записи a
  Библиографический уровень a
001 Контрольный номер RU/УОНБ/EK_Kray/409836354
005 Дата корректировки 20240131005019.9
100 Данные общей обработки __
a Данные общей обработки 20121226d2012 ||| 0rusy0189 ca
101 Язык документа 0_
a Язык текста rus
102 Страна публикации __
a Страна публикации RU
105 Кодированные данные (монография) __
a Кодированные данные (монография) y###||||000|y
200 Заглавие и сведения об ответственности 1_
a Заглавие Игорный бизнес играет в прятки
e Сведения, относящиеся к заглавию беседа с нач. отделения применения адм. законодательства УМВД России по Ульян. обл. П.В. Никишиным
f Первые сведения об ответственности Павел Валерьевич Никишин
g Последующие сведения об ответственности записал Сергей Юрьев
215 Физическое описание __
c Иллюстрации/тип воспроизводства 1 фот.
225 Серия 1_
a Серия Касается всех
330 Аннотация __
a Аннотация О закрытии незаконных игорных заведений и изъятии игровых автоматов в Ульяновске.
461 Уровень набора _0
1 2000
a Аргументы и факты в Ульяновске
1 011
463 Уровень физической единицы _0
1 001RU/УОНБ/EK_Kray/409759900
1 2000
a 10 окт
v С. 13
1 210
d 2012
610 Ключевые слова 0_
a Ключевые слова игорный бизнес
686 Индексы других классификаций __
a Классификационный индекс 65.649:77.056
a Классификационный индекс 67.61
2 Код системы rubbk
700 Автор _1
a Фамилия Никишин
b Имя (инициалы) П.В.
g Полное личное имя Павел Валерьевич
4 Код отношения 460
702 Вторичная интеллектуальная ответственность _1
a Фамилия Юрьев
b Имя (инициалы) С.
g Полное личное имя Сергей
4 Код отношения 470
801 Источник записи _0
a Страна RU
b Организация Ульяновская ОНБ
c Дата составления 20121226
g Правила каталогизации RCR
801 Источник записи _1
a Страна RU
b Организация Ульяновская ОНБ
c Дата составления 20121226
g Правила каталогизации RCR
901 Тип документа __
t Тип документа b
w Контрольный № источника RU/УОНБ/EK_Kray/409759900
909 Создатель записи __
a Создатель записи Кучерова
938 Служебная информация __
a Имя БД kraeved_work
b Имя библиотеки УОНБ
c Имя АИБС МАРК-SQL
d Номер DOC_ID в БД 93232